| 000 | 03863cam a22012134i 4500 | ||
|---|---|---|---|
| 003 | PE-LiUPU | ||
| 005 | 20250813185611.0 | ||
| 008 | 150706s r 000 0 d | ||
| 020 | _a9789508085474 | ||
| 035 | _a(Sirsi) i9789508085474 | ||
| 040 |
_aPE-LiUPU _bspa _cPE-LiUPU _erda |
||
| 049 | _aPRUA | ||
| 082 | 0 | 4 |
_a372.21 _bP63 _221 |
| 100 | 1 |
_aPitluk, Laura, _eautor. |
|
| 245 | 1 | 3 |
_aLa modalidad de taller en el nivel inicial : _brecorrido y posibilidades para la educación actual / _cLaura Pitluk. |
| 264 | 1 |
_aSanta Fe, Argentina : _bHomo Sapiens, _c2008. |
|
| 300 |
_a269 páginas : _bilustraciones ; _c22 cm. |
||
| 336 |
_atext _2rdacontent |
||
| 337 |
_aunmediated _2rdamedia |
||
| 338 |
_avolume _2rdacarrier |
||
| 490 | 0 | _aeducación inicial | |
| 504 | _aIncluye bibliografía. | ||
| 505 | 0 | _aEncuadre teórico -- La modalidad de taller o aula taller: historia y actualidad -- Los talleres en el nivel inicial: peculiaridades, cambios y permanencias -- El taller y lo grupal -- Los talleres integrados en el nivel inicial -- Los talleres y los derechos del niño -- Talleres con las familias -- Ideas y propuestas -- El taller en la enseñanza de la plástica en el nivel inicial -- La música, la expresión corporal y los talleres: una buena combinación para la Educación Musical -- Los talleres y la -- Los talleres y la expresión corporal -- ¿Por qué la modalidad de Taller para enseñar Ciencias Naturales en la Educación Inicial? -Los talleres, la lengua y la literatura -- Los talleres y los títeres, una oportunidad para la expresión y la comunicación -- Relatos de experiencias y algunas propuestas más a modo de ejemplo -- Mis experiencias trabajando con la modalidad de taller.- Nuestra experiencia en talleres integrados -- Algunas propuesta a modo de ejemplo. | |
| 526 | _aP202 | ||
| 526 | _aP201 | ||
| 526 | _aP163 | ||
| 526 | _aP162 | ||
| 526 | _aP161 | ||
| 526 | _aP160 | ||
| 526 | _aP148 | ||
| 526 | _aP147 | ||
| 526 | _aP146 | ||
| 526 | _aP145 | ||
| 526 | _aP144 | ||
| 526 | _aP143 | ||
| 526 | _aP142 | ||
| 526 | _aP141 | ||
| 526 | _aP140 | ||
| 526 | _aP139 | ||
| 526 | _aP138 | ||
| 526 | _aP137 | ||
| 526 | _aP136 | ||
| 526 | _aP135 | ||
| 526 | _aP134 | ||
| 526 | _aP133 | ||
| 526 | _aP129 | ||
| 526 | _aP128 | ||
| 526 | _aP127 | ||
| 526 | _aP120 | ||
| 526 | _aP119 | ||
| 526 | _aP118 | ||
| 526 | _aP116 | ||
| 526 | _aP115 | ||
| 526 | _aP114 | ||
| 526 | _aP110 | ||
| 526 | _aP109 | ||
| 526 | _aP108 | ||
| 526 | _aP104 | ||
| 526 | _aP103 | ||
| 526 | _aP102 | ||
| 526 | _aP99 | ||
| 526 | _aP98 | ||
| 526 | _aP97 | ||
| 526 | _aP96 | ||
| 526 | _aP95 | ||
| 526 | _aP93 | ||
| 526 | _aP90 | ||
| 526 | _aP89 | ||
| 526 | _aP88 | ||
| 526 | _aP83 | ||
| 526 | _aP82 | ||
| 526 | _aP62 | ||
| 526 | _aP59 | ||
| 526 | _aP58 | ||
| 526 | _aP57 | ||
| 526 | _aP51 | ||
| 526 | _aP49 | ||
| 526 | _aP48 | ||
| 526 | _aP47 | ||
| 526 | _aP29 | ||
| 526 | _aP24 | ||
| 526 | _aP20 | ||
| 526 | _aP19 | ||
| 526 | _aP17 | ||
| 526 | _aP15 | ||
| 526 | _aP14 | ||
| 526 | _aP12 | ||
| 526 | _aP10 | ||
| 526 | _aP09 | ||
| 526 | _aP08 | ||
| 526 | _aP07 | ||
| 526 | _aP06 | ||
| 526 | _aP05 | ||
| 526 | _aP04 | ||
| 526 | _aP01 | ||
| 541 | _g001-002606; | ||
| 650 | 0 | 4 | _aEducación inicial. |
| 910 |
_agl _bjv _cng _d20120517 |
||
| 942 |
_2ddc _cBOOK |
||
| 949 |
_a372.21 P63 _wDEWEY _c1 _i64661 _lCCODEBUL1 _mBUL _p23.00 _r0 _sY _tBOOK _u2015-7-6 _xEDUCACION _PP07 _o.STAFF. Colección General |
||
| 994 |
_aC0 _bPEPRU |
||
| 596 | _a1 | ||
| 999 |
_a372.21 P63 _wDEWEY _c53367 _i64661 _d53367 _e2017-8-22 _f2021-11-8 _g4 _lCCODEBUL1 _mBUL _n1 _p23.00 _r0 _sN _tBOOK _u2015-7-6 _xEDUCACION _PP07 _0COMPRA _o.STAFF. Colección General |
||
| 980 |
_81 _gALBERTO SANCHEZ Responsable de Automatización |
||